000 01865nam0a2200385 4500
001 RU\NLR\BIBL_A\012792315
005 20220914164044.0
010 _a978-5-98904-311-8
021 _aRU
_bКН-П-22-007709
_9КН-П-22-0620
035 _a(NLR Aleph) 012792315
035 _a(RuMoRGB)010975677
090 _a13156696
_c13156696
100 _a20220519d2021 u y0rusy50 ca
101 1 _arus
_cger
102 _aRU
105 _aa z 001zy
181 0 _ai
_baxxe
182 0 _an
200 1 _aО покрывающих воспоминаниях
_dÜber Deckerinnerungen
_eкритически-историческое исследовательское издание
_fЗигмунд Фрейд
_gперевод с немецкого М. М. Бочкарёвой
_zger
203 _aТекст
_bвизуальный
_cнепосредственный
210 _aИжевск
_cERGO
_d2021
215 _aVII, 64, [3] с.
_cил.
_d20
300 _aАвт. также на нем. яз.: Sigmund Freud
320 _aБиблиогр.: с. 61-62
320 _aУказ. в конце кн.
330 _aНечасто переиздаваемая работа З. Фрейда обращается к теме детских воспоминаний. Кроме того, здесь Фрейд говорит о <странностях> памяти, её специфической избирательности
510 1 _6z01790
_aÜber Deckerinnerungen
_zger
606 1 _aПсихоанализ
_yАвстрия
_2nlr_sh1
_2nlr_sh2
_3RU\NLR\AUTH\661345210
686 1 _aЮ91(4А)6-736
700 1 _aФрейд
_bЗ.
_f1856-1939
_gЗигмунд
_3RU\NLR\AUTH\772621
790 1 _6z01510
_aFreud
_bS.
_f1856-1939
_gSigmund
_3RU\NLR\AUTH\772622
942 _cBOOK
980 _aNB